书目信息 |
| 题名: |
中外历史大观
|
|
| 作者: | 钱洪 , 丁季华 , 张哲永 主编 | |
| 分册: | 1 | |
| 出版信息: | 上海 华东师范大学出版社 1985 |
|
| 页数: | 353页 | |
| 开本: | 19cm | |
| 丛书名: | ||
| 单 册: | ||
| 中图分类: | K1-49 | |
| 科图分类: | ||
| 主题词: | 世界史--通俗读物 | |
| 电子资源: | ||
| ISBN: | ||
| 000 | 00656nam0 2200241 450 | |
| 001 | 1569441931 | |
| 005 | 20150129192817.56 | |
| 010 | @dCNY1.20 | |
| 091 | @a11135.018 | |
| 100 | @a19901008d1985 em y0chiy0110 ea | |
| 101 | 0 | @achi |
| 102 | @aCN@b310000 | |
| 105 | @ay z 000yy | |
| 200 | 1 | @a中外历史大观@Azhong wai li shi da guan@h1@f钱洪等主编 |
| 210 | @a上海@c华东师范大学出版社@d1985 | |
| 215 | @a353页@d19cm | |
| 606 | 0 | @a世界史@x通俗读物 |
| 690 | @aK1-49@v3 | |
| 701 | 0 | @a钱洪@Aqian hong@4主编 |
| 701 | 0 | @a丁季华@Ading ji hua@4主编 |
| 701 | 0 | @a张哲永@Azhang zhe yong@4主编 |
| 801 | 0 | @aCN@bNLC@c20101222 |
| 905 | @aZUCC@dK1-49@eJY2:1 | |
| 中外历史大观.1/钱洪等主编.-上海:华东师范大学出版社,1985 |
| 353页;19cm |
| ISBN :CNY1.20 |
| ● |
| 相关链接 |
|
|
|
|
正题名:中外历史大观
索取号:K1-49/JY2:1
 
预约/预借
| 序号 | 登录号 | 条形码 | 馆藏地/架位号 | 状态 | 备注 |
| 1 | 7844860 | 278448609 | 学院路分馆/ [索取号:K1-49/JY2:1] | 在馆 | |
| 2 | 7844862 | 278448627 | 学院路分馆/ [索取号:K1-49/JY2:1] | 在馆 |